01117nab a22002417a 4500003000400000005001700004008004100021040000700062100002200069245019800091260007200289300001300361500003900374505008900413650002000502650002800522650003800550650003100588650004600619650004000665650003300705773013700738OSt20260118205237.0190605e xxu||||| |||| 00| 0 spa d cPJ aAnzarut, Gustavo 13aLa inspección del trabajo en la era digital :bel dilema de evitar la precariedad de la protección laboral sin entorpecer el avance de las nuevas modalidades de trabajo /cGustavo Anzarut.  aCiudad Autónoma de Buenos Aires :bThomson Reuters La Ley,c2025. ap. 78-82 aCita: TR LALEY AR/DOC/2677/2025.  t¿Te interesa el texto completo? Solicitalo al correo: koha@justierradelfuego.gov.ar 0aDERECHO LABORAL 0aDERECHOS DEL TRABAJADOR 0aHIGIENE Y SEGURIDAD EN EL TRABAJO 0aLEY DE CONTRATO DE TRABAJO 0aLEY DE PROTECCION DE LOS DATOS PERSONALES 0aACCESO A LA INFORMACIÓN PÚBLICA 0aTECNOLOGIA DE LA INFORMACION0 02711dCiudad Autónoma de Buenos Aires : Thomson Reuters La Ley, 1999-2002.tRevista de derecho del trabajo. Nº 6 - Noviembre 2025